Geboren in Speyer - Statistiken

Allgemein
  • Dieses Quiz wurde 23 mal gespielt
    13 seit der letzten Aktualisierung
  • Das Durchschnittsergebnis liegt bei 3 aus 6
Antwortstatistiken
Hinweis Antwort % Korrekt
deutsch-albanischer Fußballspieler, Brighton & Hove Albion 2004 Brajan Gruda
80%
ehemaliger deutscher Fußballnationalspieler (Borussia Mönchengladbach, Hannover 96 und Karlsruher SC) 1988 Lars Stindl
80%
einer der bedeutendsten deutschen Maler des 19. Jahrhunderts 1829 Anselm Feuerbach
50%
deutscher Basketballnationalspieler, Bayern München (Los Angeles Lakers, Bamberg und Ludwigsburg) 1989 Elias Harris
40%
Neurologe, zählt zu den Begründern der Epileptologie in Deutschland 1920 Dieter Janz
20%
Sänger und Mitglied der Band Söhne Mannheims 1976 Tino Oac
20%
Keine übereinstimmenden Quizze gefunden
Verteilung der Resultate
Anzahl Personen mit jedem Resultat
Perzentil nach korrekt beantworteten Fragen
Ihre Resultats-Entwicklung
Sie haben dieses Quiz seit der letzten Aktualisierung nicht gespielt